000 00634nam a2200253Ia 4500
003 OSt
005 20221007110659.0
006 a|||||r|||| 00| 0
007 ta
008 221006b |||||||| |||| 00| 0 eng d
024 _a21,619
037 _cTextual
040 _aLCO
_cLCO
_beng
041 _2eng
_aeng
082 _aX8(A):(Z2), L2
100 _aGiri V.V.
245 0 _aLabour Problems in Indian Industry
250 _a3rd
260 _aBombay
_bAsia Publishing House India
_c1972
300 _a564
650 _aLABOUR
942 _hX8(A):(Z2), L2
_cTEXL
999 _c1191182
_d1191182